[Event "MCR druzstev mladsich zaku 2016"]
[Site "Hradec Kralove"]
[Date "2016.06.12"]
[Round "9.1"]
[White "Petricek (SK Kurim A), Lukas"]
[Black "Krejcok (BSS F-M \"A\"), Tobias"]
[Result "1/2-1/2"]
[BlackElo "1794"]
[WhiteElo "1515"]
[LiveChessVersion "1.4.8"]

1. e4 {[%clk 0:25:18]} c5 {[%clk 0:25:17]} 2. c3 {[%clk 0:25:24]} d5
{[%clk 0:25:14]} 3. exd5 {[%clk 0:25:29]} Qxd5 {[%clk 0:25:22]} 4. d4
{[%clk 0:25:35]} cxd4 {[%clk 0:25:24]} 5. cxd4 {[%clk 0:25:43]} Nc6
{[%clk 0:24:56]} 6. Nf3 {[%clk 0:25:45]} Bg4 {[%clk 0:23:18]} 7. Be2
{[%clk 0:25:13]} e6 {[%clk 0:22:29]} 8. Nc3 {[%clk 0:24:44]} Qd7 {[%clk 0:20:17]}
9. O-O {[%clk 0:24:00]} Nf6 {[%clk 0:19:55]} 10. h3 {[%clk 0:23:40]} Bxf3 11.
Bxf3 {[%clk 0:23:36]} Nxd4 {[%clk 0:16:58]} 12. Bxb7 {[%clk 0:23:13]} Qxb7
{[%clk 0:17:07]} 13. Qxd4 {[%clk 0:23:20]} Be7 {[%clk 0:16:44]} 14. Qa4+
{[%clk 0:23:00]} Nd7 {[%clk 0:16:35]} 15. Rd1 {[%clk 0:22:49]} Rd8
{[%clk 0:16:44]} 16. Be3 {[%clk 0:22:29]} a6 {[%clk 0:16:22]} 17. Rd2
{[%clk 0:20:45]} O-O {[%clk 0:16:22]} 18. Rad1 {[%clk 0:20:45]} Nc5
{[%clk 0:15:39]} 19. Qa5 {[%clk 0:19:42]} Rxd2 {[%clk 0:14:07]} 20. Rxd2
{[%clk 0:19:38]} Nd7 {[%clk 0:13:32]} 21. a3 {[%clk 0:17:19]} Rc8
{[%clk 0:12:50]} 22. Qa4 {[%clk 0:16:45]} Nc5 {[%clk 0:11:12]} 23. Bxc5
{[%clk 0:16:34]} Bxc5 {[%clk 0:11:17]} 24. Rd7 {[%clk 0:16:04]} Qxb2
{[%clk 0:11:04]} 25. Ne4 {[%clk 0:09:50]} Qxa3 {[%clk 0:07:17]} 26. Nxc5
{[%clk 0:09:33]} Qxc5 {[%clk 0:07:17]} 27. Qxa6 {[%clk 0:08:40]} Qc1+
{[%clk 0:07:16]} 28. Qf1 {[%clk 0:08:38]} Qg5 {[%clk 0:06:38]} 29. Qd1
{[%clk 0:06:33]} h6 {[%clk 0:06:27]} 30. Qf3 {[%clk 0:06:22]} Qg6
{[%clk 0:05:21]} 31. Qd3 {[%clk 0:06:09]} Rc1+ {[%clk 0:05:01]} 32. Kh2
{[%clk 0:06:18]} Qxd3 {[%clk 0:05:05]} 33. Rxd3 {[%clk 0:06:26]} Kh7
{[%clk 0:05:12]} 34. Kg3 {[%clk 0:06:35]} Kg6 {[%clk 0:05:21]} 35. Ra3
{[%clk 0:06:08]} f5 {[%clk 0:05:22]} 36. Ra6 {[%clk 0:06:03]} Kf6
{[%clk 0:05:25]} 37. h4 {[%clk 0:05:32]} Rc3+ {[%clk 0:05:14]} 38. f3
{[%clk 0:05:35]} Rc2 {[%clk 0:04:41]} 39. Kh3 {[%clk 0:04:34]} Rc4
{[%clk 0:04:20]} 40. h5 {[%clk 0:04:16]} Rc1 {[%clk 0:03:59]} 41. g4
{[%clk 0:04:00]} Rc3 {[%clk 0:03:34]} 42. Kg3 {[%clk 0:03:26]} fxg4
{[%clk 0:03:42]} 43. Kxg4 {[%clk 0:03:34]} Rc4+ {[%clk 0:03:42]} 44. f4
{[%clk 0:03:21]} Rc1 {[%clk 0:03:28]} 45. Ra5 {[%clk 0:03:13]} Rg1+
{[%clk 0:03:31]} 46. Kf3 {[%clk 0:03:20]} Rd1 {[%clk 0:03:33]} 47. Kg4
{[%clk 0:03:06]} Rg1+ {[%clk 0:03:03]} 48. Kf3 {[%clk 0:03:10]} g6
{[%clk 0:02:13]} 49. hxg6 {[%clk 0:03:12]} Kxg6 {[%clk 0:02:14]} 50. Ra8
{[%clk 0:03:10]} Rf1+ {[%clk 0:02:14]} 51. Kg4 {[%clk 0:03:10]} h5+
{[%clk 0:02:19]} 52. Kg3 {[%clk 0:03:13]} Kf5 {[%clk 0:01:58]} 53. Ra5+
{[%clk 0:03:20]} Kg6 {[%clk 0:01:37]} 54. Rg5+ {[%clk 0:03:24]} Kh6
{[%clk 0:01:27]} 55. Re5 {[%clk 0:03:25]} Rg1+ {[%clk 0:01:18]} 56. Kh3
{[%clk 0:03:02]} Rg6 {[%clk 0:01:09]} 57. f5 {[%clk 0:02:59]} exf5
{[%clk 0:01:11]} 58. Rxf5 {[%clk 0:03:08]} Ra6 {[%clk 0:01:18]} 59. Kh4
{[%clk 0:02:52]} Ra4+ {[%clk 0:01:25]} 60. Kh3 {[%clk 0:02:57]} Kg6
{[%clk 0:01:29]} 61. Rb5 {[%clk 0:03:06]} Ra1 {[%clk 0:01:23]} 62. Rb6+
{[%clk 0:03:14]} Kg5 {[%clk 0:01:32]} 63. Rb5+ {[%clk 0:03:23]} Kf4
{[%clk 0:01:31]} 64. Rb4+ {[%clk 0:03:24]} Kf3 {[%clk 0:01:32]} 65. Rb3+
{[%clk 0:03:32]} Kf2 {[%clk 0:01:27]} 66. Kh4 {[%clk 0:03:30]} Ra5
{[%clk 0:01:10]} 67. Rb2+ {[%clk 0:03:24]} Kf3 {[%clk 0:01:17]} 68. Rb3+
{[%clk 0:03:32]} Ke4 {[%clk 0:01:20]} 69. Rb4+ {[%clk 0:03:41]} Kd3
{[%clk 0:01:27]} 70. Rf4 {[%clk 0:03:33]} Ke3 1/2-1/2

[Event "MCR druzstev mladsich zaku 2016"]
[Site "Hradec Kralove"]
[Date "2016.06.12"]
[Round "9.2"]
[White "Mica (BSS F-M \"A\"), Marek"]
[Black "Dvorakova (SK Kurim A), Olga"]
[Result "1-0"]
[BlackElo "1405"]
[WhiteElo "1859"]
[LiveChessVersion "1.4.8"]

1. d4 {[%clk 0:25:17]} Nf6 {[%clk 0:25:19]} 2. c4 {[%clk 0:25:25]} e6
{[%clk 0:25:27]} 3. Nf3 {[%clk 0:25:32]} b6 {[%clk 0:25:29]} 4. g3
{[%clk 0:25:34]} Bb7 {[%clk 0:25:36]} 5. Bg2 {[%clk 0:25:42]} c5 {[%clk 0:25:00]}
6. e3 {[%clk 0:25:41]} Be7 {[%clk 0:25:03]} 7. O-O {[%clk 0:25:47]} O-O
{[%clk 0:25:09]} 8. Nbd2 {[%clk 0:25:53]} Nc6 {[%clk 0:24:48]} 9. dxc5
{[%clk 0:25:29]} Bxc5 {[%clk 0:24:35]} 10. a3 {[%clk 0:25:25]} a5
{[%clk 0:24:19]} 11. b3 {[%clk 0:25:33]} Qe7 {[%clk 0:23:21]} 12. Bb2
{[%clk 0:25:33]} Rfd8 {[%clk 0:22:44]} 13. Qc2 {[%clk 0:25:10]} Rac8
{[%clk 0:22:31]} 14. e4 {[%clk 0:25:00]} d5 {[%clk 0:20:30]} 15. exd5
{[%clk 0:24:39]} exd5 {[%clk 0:20:14]} 16. Rfe1 {[%clk 0:24:20]} Qd6
{[%clk 0:19:18]} 17. cxd5 {[%clk 0:22:58]} Nxd5 {[%clk 0:18:56]} 18. Ne4
{[%clk 0:22:15]} Qg6 {[%clk 0:16:27]} 19. Nh4 {[%clk 0:20:55]} Qg4
{[%clk 0:13:07]} 20. h3 {[%clk 0:07:21]} Qd7 {[%clk 0:10:37]} 21. Nxc5
{[%clk 0:07:27]} bxc5 {[%clk 0:10:38]} 22. Qxc5 {[%clk 0:07:02]} Qd6
{[%clk 0:06:51]} 23. Qxd6 {[%clk 0:06:25]} Rxd6 {[%clk 0:06:59]} 24. Nf5
{[%clk 0:06:21]} Rdd8 {[%clk 0:05:43]} 25. Nxg7 {[%clk 0:05:19]} Nce7
{[%clk 0:04:19]} 26. Nh5 {[%clk 0:04:40]} Ng6 {[%clk 0:04:00]} 27. Nf6+
{[%clk 0:04:05]} Kf8 {[%clk 0:00:36]} 28. Nxh7+ {[%clk 0:03:58]} Kg8
{[%clk 0:00:44]} 29. Nf6+ {[%clk 0:04:06]} Kf8 {[%clk 0:00:52]} 30. Nxd5
{[%clk 0:02:34]} Bxd5 {[%clk 0:00:55]} 31. Bxd5 {[%clk 0:02:36]} Rxd5
{[%clk 0:00:58]} 32. Rad1 {[%clk 0:02:17]} Rdc5 {[%clk 0:00:42]} 33. Re2
{[%clk 0:02:02]} Rb5 {[%clk 0:00:40]} 34. Re3 {[%clk 0:02:04]} Rbc5
{[%clk 0:00:34]} 35. Red3 {[%clk 0:02:06]} Rc2 {[%clk 0:00:40]} 36. Bf6
{[%clk 0:02:09]} Rc1 {[%clk 0:00:15]} 37. Kg2 {[%clk 0:02:06]} 1-0

[Event "MCR druzstev mladsich zaku 2016"]
[Site "Hradec Kralove"]
[Date "2016.06.12"]
[Round "9.3"]
[White "Tajovsky (SK Kurim A), Matej"]
[Black "Gnojek (BSS F-M \"A\"), Petr"]
[Result "0-1"]
[BlackElo "1748"]
[WhiteElo "1616"]
[LiveChessVersion "1.4.8"]

1. e4 {[%clk 0:25:10]} c5 {[%clk 0:25:19]} 2. Nf3 {[%clk 0:25:18]} Nc6
{[%clk 0:25:28]} 3. d4 {[%clk 0:25:25]} cxd4 {[%clk 0:25:36]} 4. Nxd4
{[%clk 0:25:33]} g6 {[%clk 0:25:45]} 5. Nc3 {[%clk 0:25:30]} Bg7 {[%clk 0:25:54]}
6. Be3 {[%clk 0:25:38]} Nf6 {[%clk 0:26:02]} 7. f3 {[%clk 0:25:31]} O-O
{[%clk 0:26:08]} 8. Qd2 {[%clk 0:25:38]} d5 {[%clk 0:26:07]} 9. exd5
{[%clk 0:25:11]} Nxd5 {[%clk 0:26:07]} 10. Nxc6 {[%clk 0:24:44]} bxc6
{[%clk 0:26:14]} 11. Nxd5 {[%clk 0:23:28]} cxd5 {[%clk 0:26:17]} 12. c3
{[%clk 0:23:14]} Bb7 {[%clk 0:25:40]} 13. Be2 {[%clk 0:23:10]} Qc7
{[%clk 0:25:15]} 14. O-O {[%clk 0:22:57]} Rfd8 {[%clk 0:25:09]} 15. Rfd1
{[%clk 0:22:40]} e5 {[%clk 0:25:10]} 16. Kh1 {[%clk 0:22:03]} d4 {[%clk 0:24:08]}
17. cxd4 {[%clk 0:21:43]} exd4 {[%clk 0:24:14]} 18. Bh6 {[%clk 0:21:50]} Qb6
{[%clk 0:22:44]} 19. Bxg7 {[%clk 0:21:30]} Kxg7 {[%clk 0:22:52]} 20. Rac1
{[%clk 0:21:30]} Rd7 {[%clk 0:22:52]} 21. b3 {[%clk 0:21:22]} Rad8
{[%clk 0:22:51]} 22. Bd3 {[%clk 0:21:12]} Ba6 23. Bxa6 {[%clk 0:20:45]} Qxa6
{[%clk 0:22:30]} 24. a4 {[%clk 0:19:59]} d3 {[%clk 0:22:06]} 25. Rc3
{[%clk 0:20:04]} Re8 {[%clk 0:22:04]} 26. h3 {[%clk 0:18:42]} Re2
{[%clk 0:21:55]} 27. Qc1 {[%clk 0:18:26]} d2 {[%clk 0:20:46]} 28. Qa1
{[%clk 0:18:31]} f6 {[%clk 0:20:34]} 29. Kh2 {[%clk 0:17:44]} Qd6+
{[%clk 0:20:15]} 30. Kh1 {[%clk 0:17:10]} Qg3 {[%clk 0:20:19]} 31. Rg1
{[%clk 0:15:31]} d1=Q {[%clk 0:20:25]} 0-1

[Event "MCR druzstev mladsich zaku 2016"]
[Site "Hradec Kralove"]
[Date "2016.06.12"]
[Round "9.4"]
[White "Vantuch (BSS F-M \"A\"), Lucian"]
[Black "Keprt (SK Kurim A), Tomas"]
[Result "1-0"]
[BlackElo "1617"]
[WhiteElo "1736"]
[LiveChessVersion "1.4.8"]

1. e4 {[%clk 0:25:18]} c5 {[%clk 0:25:05]} 2. Nf3 {[%clk 0:25:27]} d6
{[%clk 0:25:07]} 3. d4 {[%clk 0:25:35]} cxd4 {[%clk 0:25:12]} 4. Nxd4
{[%clk 0:25:43]} Nf6 {[%clk 0:25:18]} 5. Nc3 {[%clk 0:25:49]} g6 {[%clk 0:25:24]}
6. Be3 {[%clk 0:25:56]} Bg7 {[%clk 0:25:30]} 7. Bc4 {[%clk 0:26:04]} Nc6
{[%clk 0:25:33]} 8. f3 {[%clk 0:26:07]} O-O {[%clk 0:25:25]} 9. Qd2
{[%clk 0:26:11]} Re8 {[%clk 0:25:06]} 10. h4 {[%clk 0:26:06]} a6 {[%clk 0:24:03]}
11. h5 {[%clk 0:25:26]} Nxh5 {[%clk 0:23:55]} 12. O-O-O {[%clk 0:25:12]} Bd7
{[%clk 0:23:38]} 13. Nxc6 {[%clk 0:24:46]} Bxc6 {[%clk 0:23:40]} 14. Bh6
{[%clk 0:24:49]} Bh8 {[%clk 0:23:31]} 15. Rxh5 {[%clk 0:24:46]} e6
{[%clk 0:22:51]} 16. Rh3 {[%clk 0:23:49]} d5 {[%clk 0:22:00]} 17. exd5
{[%clk 0:22:57]} exd5 {[%clk 0:21:23]} 18. Nxd5 {[%clk 0:22:59]} Bxd5
{[%clk 0:21:06]} 19. Bxd5 {[%clk 0:23:02]} Qf6 {[%clk 0:20:46]} 20. c3
{[%clk 0:22:32]} Rad8 {[%clk 0:20:30]} 21. Bg5 {[%clk 0:22:21]} Rxd5
{[%clk 0:20:10]} 22. Qxd5 {[%clk 0:21:47]} Qb6 {[%clk 0:20:00]} 23. Rxh7
{[%clk 0:21:45]} Kxh7 {[%clk 0:19:22]} 24. Qxf7+ {[%clk 0:21:52]} Bg7
{[%clk 0:19:27]} 25. Rh1# 1-0

[Event "MCR druzstev mladsich zaku 2016"]
[Site "Hradec Kralove"]
[Date "2016.06.12"]
[Round "9.5"]
[White "Tajovsky (SK Kurim A), Simon"]
[Black "Fizerova (BSS F-M \"A\"), Lucie"]
[Result "1/2-1/2"]
[BlackElo "1496"]
[WhiteElo "1370"]
[LiveChessVersion "1.4.8"]

1. d4 {[%clk 0:25:18]} f5 {[%clk 0:25:19]} 2. c4 {[%clk 0:25:22]} Nf6
{[%clk 0:25:24]} 3. Nc3 {[%clk 0:25:27]} g6 {[%clk 0:25:32]} 4. Nf3
{[%clk 0:25:32]} Bg7 {[%clk 0:25:40]} 5. Bg5 {[%clk 0:25:34]} O-O
{[%clk 0:25:41]} 6. e3 {[%clk 0:25:40]} Qe8 {[%clk 0:25:29]} 7. Bd3
{[%clk 0:25:40]} d6 {[%clk 0:25:33]} 8. O-O {[%clk 0:25:41]} e5 {[%clk 0:25:38]}
9. Bc2 {[%clk 0:25:44]} Nbd7 {[%clk 0:25:16]} 10. Rc1 {[%clk 0:25:21]} e4
{[%clk 0:22:51]} 11. Nd2 {[%clk 0:25:23]} c6 {[%clk 0:22:38]} 12. Re1
{[%clk 0:25:12]} d5 {[%clk 0:22:23]} 13. Bf4 {[%clk 0:23:33]} Nh5
{[%clk 0:18:43]} 14. Bd6 {[%clk 0:23:25]} Rf7 {[%clk 0:18:33]} 15. cxd5
{[%clk 0:23:07]} cxd5 {[%clk 0:18:32]} 16. Nxd5 {[%clk 0:23:07]} Qe6
{[%clk 0:18:35]} 17. Nc7 {[%clk 0:22:23]} Qxd6 {[%clk 0:18:42]} 18. Nxa8
{[%clk 0:22:26]} Qb8 {[%clk 0:18:38]} 19. Bb3 {[%clk 0:22:29]} Qxa8
{[%clk 0:18:11]} 20. Bxf7+ {[%clk 0:22:19]} Kxf7 {[%clk 0:18:19]} 21. Nc4
{[%clk 0:22:08]} Qb8 {[%clk 0:16:29]} 22. Qb3 {[%clk 0:21:39]} Ke7
{[%clk 0:14:41]} 23. Red1 {[%clk 0:18:51]} Nhf6 {[%clk 0:13:44]} 24. Qb4+
{[%clk 0:18:23]} Kd8 {[%clk 0:13:21]} 25. Ne5 {[%clk 0:16:38]} Bf8
{[%clk 0:12:24]} 26. Qc4 {[%clk 0:15:31]} Be7 {[%clk 0:10:00]} 27. Rc2
{[%clk 0:12:36]} Nb6 {[%clk 0:09:20]} 28. Qb3 {[%clk 0:11:31]} Nfd5
{[%clk 0:09:10]} 29. Nc4 {[%clk 0:10:20]} Nd7 {[%clk 0:07:01]} 30. Qb5
{[%clk 0:09:11]} Nc7 {[%clk 0:06:44]} 31. Qb3 {[%clk 0:09:01]} Nd5
{[%clk 0:06:36]} 1/2-1/2

[Event "MCR druzstev mladsich zaku 2016"]
[Site "Hradec Kralove"]
[Date "2016.06.12"]
[Round "9.6"]
[White "Fizer (BSS F-M \"A\"), Marek"]
[Black "Fikejs (SK Kurim A), Tomas"]
[Result "1/2-1/2"]
[BlackElo "1337"]
[WhiteElo "1522"]
[LiveChessVersion "1.4.8"]

1. e4 {[%clk 0:25:18]} c5 {[%clk 0:25:19]} 2. Nf3 {[%clk 0:25:26]} Nc6
{[%clk 0:25:28]} 3. d4 {[%clk 0:25:32]} cxd4 {[%clk 0:25:38]} 4. Nxd4
{[%clk 0:25:37]} Nf6 {[%clk 0:25:45]} 5. Nc3 {[%clk 0:25:41]} e5 {[%clk 0:25:52]}
6. Ndb5 {[%clk 0:25:47]} a6 {[%clk 0:25:49]} 7. Nd6+ {[%clk 0:25:55]} Bxd6
{[%clk 0:25:50]} 8. Qxd6 {[%clk 0:26:03]} Qe7 {[%clk 0:25:50]} 9. Qxe7+
{[%clk 0:25:49]} Nxe7 {[%clk 0:25:59]} 10. Bc4 {[%clk 0:25:28]} Nc6
{[%clk 0:25:49]} 11. O-O {[%clk 0:25:19]} O-O {[%clk 0:25:47]} 12. f4
{[%clk 0:25:16]} exf4 {[%clk 0:25:48]} 13. Bxf4 {[%clk 0:25:21]} Re8
{[%clk 0:25:42]} 14. Bg5 {[%clk 0:24:39]} Kf8 {[%clk 0:25:14]} 15. Bxf6
{[%clk 0:24:19]} gxf6 {[%clk 0:25:08]} 16. Rxf6 {[%clk 0:24:27]} Ne5
{[%clk 0:22:58]} 17. Bb3 {[%clk 0:23:46]} Kg7 {[%clk 0:21:30]} 18. Raf1
{[%clk 0:22:52]} Rf8 {[%clk 0:21:37]} 19. Nd5 {[%clk 0:20:08]} b5
{[%clk 0:21:17]} 20. R6f5 {[%clk 0:17:49]} Nc4 {[%clk 0:20:36]} 21. Rg5+
{[%clk 0:17:50]} Kh8 {[%clk 0:20:22]} 22. Ne7 {[%clk 0:17:41]} Bb7
{[%clk 0:19:49]} 23. Rf4 {[%clk 0:15:48]} Rae8 {[%clk 0:19:53]} 24. Bxc4
{[%clk 0:13:14]} bxc4 {[%clk 0:19:44]} 25. Nd5 {[%clk 0:13:12]} Bxd5
{[%clk 0:18:55]} 26. Rxd5 {[%clk 0:13:16]} Rd8 {[%clk 0:18:51]} 27. Rd4
{[%clk 0:13:01]} Rb8 {[%clk 0:17:27]} 28. Rxd7 {[%clk 0:12:55]} Rxb2
{[%clk 0:17:30]} 29. Rfxf7 {[%clk 0:12:29]} 1/2-1/2

[Event "MCR druzstev mladsich zaku 2016"]
[Site "Hradec Kralove"]
[Date "2016.06.12"]
[Round "9.7"]
[White "Hofman (Novy Bor), Krystof"]
[Black "Stalmach (BSS F-M \"B\"), Richard"]
[Result "0-1"]
[BlackElo "1843"]
[WhiteElo "1732"]
[LiveChessVersion "1.4.8"]

1. Nf3 {[%clk 0:25:13]} d5 {[%clk 0:25:14]} 2. g3 {[%clk 0:25:21]} Nf6
{[%clk 0:25:03]} 3. Bg2 {[%clk 0:25:25]} g6 {[%clk 0:25:03]} 4. d3
{[%clk 0:24:59]} Bg7 {[%clk 0:25:06]} 5. O-O {[%clk 0:24:57]} O-O
{[%clk 0:25:13]} 6. Nbd2 {[%clk 0:24:58]} c5 {[%clk 0:24:50]} 7. c4
{[%clk 0:24:52]} e6 {[%clk 0:24:33]} 8. a3 {[%clk 0:24:29]} Nc6 {[%clk 0:24:30]}
9. Rb1 {[%clk 0:24:16]} a5 {[%clk 0:24:22]} 10. b3 {[%clk 0:24:06]} b6
{[%clk 0:23:50]} 11. Qc2 {[%clk 0:23:48]} Bb7 {[%clk 0:23:43]} 12. Bb2
{[%clk 0:23:35]} Qc7 {[%clk 0:22:56]} 13. Rfc1 {[%clk 0:22:55]} d4
{[%clk 0:22:40]} 14. Ng5 {[%clk 0:21:52]} h6 {[%clk 0:22:11]} 15. Nge4
{[%clk 0:21:53]} Nxe4 {[%clk 0:22:20]} 16. Nxe4 {[%clk 0:21:23]} f5
{[%clk 0:22:27]} 17. Nd2 {[%clk 0:21:18]} e5 {[%clk 0:22:23]} 18. Re1
{[%clk 0:20:42]} Rae8 {[%clk 0:21:21]} 19. e3 {[%clk 0:19:48]} Kh8
{[%clk 0:20:28]} 20. e4 {[%clk 0:18:20]} f4 {[%clk 0:19:47]} 21. f3
{[%clk 0:18:22]} fxg3 {[%clk 0:18:51]} 22. hxg3 {[%clk 0:18:28]} g5
{[%clk 0:18:34]} 23. g4 {[%clk 0:18:06]} Nd8 {[%clk 0:17:42]} 24. Nf1
{[%clk 0:16:52]} Ne6 {[%clk 0:17:50]} 25. Ng3 {[%clk 0:16:59]} Nf4
{[%clk 0:17:57]} 26. Nf5 {[%clk 0:16:55]} Bc8 {[%clk 0:17:51]} 27. Kf2
{[%clk 0:16:43]} Bxf5 {[%clk 0:16:40]} 28. gxf5 {[%clk 0:16:30]} Bf6
{[%clk 0:16:00]} 29. Rh1 {[%clk 0:16:17]} Kg7 {[%clk 0:16:08]} 30. Rbg1
{[%clk 0:16:08]} Rh8 {[%clk 0:16:00]} 31. Bc1 {[%clk 0:15:56]} Reg8
{[%clk 0:15:21]} 32. Bxf4 {[%clk 0:15:48]} exf4 {[%clk 0:15:30]} 33. a4
{[%clk 0:15:32]} Kf8 {[%clk 0:15:30]} 34. Ke1 {[%clk 0:14:53]} h5
{[%clk 0:15:01]} 35. Qe2 {[%clk 0:14:03]} Qg7 {[%clk 0:14:09]} 36. Bh3
{[%clk 0:11:56]} g4 {[%clk 0:11:58]} 37. fxg4 {[%clk 0:10:50]} hxg4
{[%clk 0:12:07]} 38. Rxg4 {[%clk 0:10:22]} Rxh3 {[%clk 0:12:08]} 39. Rxg7
{[%clk 0:10:11]} Rxh1+ {[%clk 0:12:16]} 40. Kd2 {[%clk 0:09:49]} Rxg7
{[%clk 0:12:24]} 41. e5 {[%clk 0:09:47]} Bxe5 {[%clk 0:12:13]} 42. Qf3
{[%clk 0:09:19]} Rh2+ {[%clk 0:12:19]} 43. Ke1 {[%clk 0:09:16]} Rg1+
{[%clk 0:12:26]} 0-1

[Event "MCR druzstev mladsich zaku 2016"]
[Site "Hradec Kralove"]
[Date "2016.06.12"]
[Round "9.8"]
[White "Nytra (BSS F-M \"B\"), Ondrej"]
[Black "Hurtik (Novy Bor), Matej"]
[Result "1-0"]
[BlackElo "1531"]
[WhiteElo "1773"]
[LiveChessVersion "1.4.8"]

1. e4 {[%clk 0:25:19]} c5 {[%clk 0:25:09]} 2. Nf3 {[%clk 0:25:27]} Nc6
{[%clk 0:25:18]} 3. d4 {[%clk 0:25:33]} cxd4 {[%clk 0:25:26]} 4. Nxd4
{[%clk 0:25:43]} e5 {[%clk 0:25:34]} 5. Nb5 {[%clk 0:25:51]} a6 {[%clk 0:25:41]}
6. Nd6+ {[%clk 0:25:54]} Bxd6 {[%clk 0:25:48]} 7. Qxd6 {[%clk 0:26:03]} Qf6
{[%clk 0:25:56]} 8. Qc7 {[%clk 0:25:36]} Qg6 {[%clk 0:25:57]} 9. Nc3
{[%clk 0:25:37]} Nge7 {[%clk 0:25:15]} 10. g3 {[%clk 0:25:30]} O-O
{[%clk 0:25:00]} 11. Bg2 {[%clk 0:25:33]} d6 {[%clk 0:20:02]} 12. O-O
{[%clk 0:25:09]} f5 {[%clk 0:19:24]} 13. f4 {[%clk 0:24:55]} b5 {[%clk 0:16:32]}
14. exf5 {[%clk 0:24:50]} Qe8 {[%clk 0:16:29]} 15. fxe5 {[%clk 0:24:49]} dxe5
{[%clk 0:15:59]} 16. Nd5 {[%clk 0:24:56]} Nxf5 {[%clk 0:12:07]} 17. Nb6
{[%clk 0:24:10]} Ra7 {[%clk 0:11:26]} 18. Qxc6 {[%clk 0:23:42]} Qxc6
{[%clk 0:11:09]} 19. Bxc6 {[%clk 0:23:50]} Rf6 {[%clk 0:11:08]} 20. Nxc8
{[%clk 0:23:58]} Rc7 {[%clk 0:11:10]} 21. Be4 {[%clk 0:23:39]} g6
{[%clk 0:10:38]} 22. Bg5 {[%clk 0:23:41]} Rf8 {[%clk 0:08:06]} 23. Bxf5
{[%clk 0:23:50]} gxf5 {[%clk 0:07:54]} 24. Ne7+ {[%clk 0:23:55]} 1-0

[Event "MCR druzstev mladsich zaku 2016"]
[Site "Hradec Kralove"]
[Date "2016.06.12"]
[Round "9.9"]
[White "Sichrovsky (Novy Bor), Tomas"]
[Black "Frank (BSS F-M \"B\"), Adam"]
[Result "0-1"]
[BlackElo "1815"]
[WhiteElo "1411"]
[LiveChessVersion "1.4.8"]

1. d4 {[%clk 0:25:17]} f5 {[%clk 0:25:19]} 2. c4 {[%clk 0:25:24]} Nf6
{[%clk 0:25:28]} 3. Nc3 {[%clk 0:25:30]} g6 {[%clk 0:25:37]} 4. Bf4
{[%clk 0:25:35]} Bg7 {[%clk 0:25:45]} 5. Nf3 {[%clk 0:25:40]} O-O
{[%clk 0:25:52]} 6. e3 {[%clk 0:25:45]} d6 {[%clk 0:26:01]} 7. Be2
{[%clk 0:25:52]} Qe8 {[%clk 0:26:09]} 8. O-O {[%clk 0:25:45]} c6 {[%clk 0:26:08]}
9. Qb3 {[%clk 0:25:43]} Kh8 {[%clk 0:26:16]} 10. c5 {[%clk 0:25:38]} d5
{[%clk 0:26:18]} 11. h3 {[%clk 0:25:26]} Nbd7 {[%clk 0:26:03]} 12. Qc2
{[%clk 0:25:13]} Ne4 {[%clk 0:25:55]} 13. Nxe4 {[%clk 0:25:11]} fxe4
{[%clk 0:25:50]} 14. Nd2 {[%clk 0:24:24]} e5 {[%clk 0:25:27]} 15. dxe5
{[%clk 0:23:55]} Nxe5 {[%clk 0:25:34]} 16. Rfd1 {[%clk 0:23:17]} Bf5
{[%clk 0:25:07]} 17. Rab1 {[%clk 0:22:45]} Qe7 {[%clk 0:22:41]} 18. Qc1
{[%clk 0:22:38]} g5 {[%clk 0:17:15]} 19. Bh2 {[%clk 0:22:38]} Bg6
{[%clk 0:17:22]} 20. b4 {[%clk 0:22:30]} Qf7 {[%clk 0:17:02]} 21. Rf1
{[%clk 0:22:29]} Bh5 {[%clk 0:15:57]} 22. Bxh5 {[%clk 0:22:07]} Qxh5
{[%clk 0:16:05]} 23. Qd1 {[%clk 0:19:28]} Qxd1 {[%clk 0:15:50]} 24. Rfxd1
{[%clk 0:19:32]} Nd3 {[%clk 0:15:57]} 25. Rf1 {[%clk 0:19:34]} Bc3
{[%clk 0:15:56]} 26. Nb3 {[%clk 0:19:04]} Bxb4 {[%clk 0:15:35]} 27. Bd6
{[%clk 0:19:03]} Rf7 {[%clk 0:14:51]} 28. f3 {[%clk 0:16:48]} b6 {[%clk 0:09:21]}
29. fxe4 {[%clk 0:16:49]} Rxf1+ {[%clk 0:09:30]} 30. Rxf1 {[%clk 0:16:43]} dxe4
{[%clk 0:09:23]} 31. Be7 {[%clk 0:15:30]} bxc5 {[%clk 0:09:32]} 32. Bxg5
{[%clk 0:15:19]} c4 {[%clk 0:08:10]} 33. Nc1 {[%clk 0:15:18]} Rf8
{[%clk 0:07:52]} 34. Nxd3 {[%clk 0:14:59]} Rxf1+ {[%clk 0:07:53]} 35. Kxf1
{[%clk 0:15:04]} cxd3 0-1